000 02483nam a2200229 4500
005 20250329165506.0
008 190415s2020 000 0 eng d
040 _aCO-CtgCURN
_bspa
_ccoctgcurn
082 0 _aTCS 2020
_bA773
100 1 _aArrazola Aguilar, Laura Melissa.
245 1 0 _aContabilidad social como gestión responsable para las pymes industriales del barrio Bosque de Cartagena /
_cLaura Melissa Arrazola Aguilar; Silvia Isabel Osorio Alvarado.
260 _aCartagena de Indias :
_bCorporación Universitaria Rafael Nuñez,
_c2020.
300 _a10 hojas.
504 _aTrabajo de grado (Contabilidad sistematizada).Corporación Universitaria Rafael Nuñez. Facultad de Ciencias contables y administrativas.contabilidad Sistematizada. 2020.
520 _a"El presente ensayo busca analizar la contabilidad social como sistema de información que puede mejorar la rentabilidad de las pymes industriales del barrio bosque de Cartagena. Esta ciencia ha sido entendida desde un enfoque económico y financiero a lo largo de los años, pero al analizar que no sólo son factores financieros los que influyen en el alcance de los objetivos de estas organizaciones, se hace necesario empezar a usar el concepto de contabilidad desde un enfoque holístico, y cómo esta información puede ayudar a controlar los impactos que generan en el entorno. Realizando en primera instancia una exploración bibliográfica desde un enfoque descriptivo, dónde se llegó a la conclusión que al implementar este tipo de sistema de información se podrá mejorar la competitividad y sostenibilidad de la PYME en el largo plazo. Este ensayo se estructura en tres apartados, que es la contabilidad social y sus respectivas características, las ventajas y desventajas que puede tener la aplicación de este sistema en las pymes del sector industrial del barrio bosque de Cartagena y por último el rol que tiene la profesión contable para que esta implementación sea de gran ayuda para mantener su rentabilidad. "
650 0 _aContabilidad sistematizada
_vTesis y disertaciones academicas.
700 1 _aOsorio Alvarado, Silvia Isabel.
856 7 _uhttps://unicurn.sharepoint.com/:b:/s/biblioteca/EY3LhLpiaftIvBHli5i5X-cBJhbHbnzU-vhVSfQ9JeZ9Vw?e=BUraFh
_zClick aqui para ver el recurso en texto completo
942 _2ddc
_cTG
_aMHC
_bMHC
_hTCS 2020
_iA773
999 _c5781
_d5781